Some farther intelligence of the affairs of England : the death of the renowned Oliver Lord Protector of England, Scotland, and Ireland : with an exact relation how Somerset-House was prepared for his effigies : the proclaiming ... the Lord Richard ... Protector of England ... : a Parliament called Jan. 7, 1659 ... : a list of the English fleet designed for the Sound ... : petition of the General Council of the officers of the armyes of England ... : a proclamation about dissolving the Parliament ... April 22, 1659 : a declaration of the officers of the army ...

Bibliographic Details
Format: Microform Book
Language:English
Series:Early English books, 1641-1700 ; 878:28.
Subjects:

MARC

Tag First Indicator Second Indicator Subfields
LEADER 00000cam a2200000 a 4500
001 in00000966721
005 20150926135246.0
007 hd afv|||baca
008 850510s1659 miua a 00000 eng d
035 |a (OCoLC)12018752 
035 |9 AEU2618AM 
037 |a CL0037000027  |b UMI 
037 |b University Microfilms International, 300 N. Zeeb Rd., Ann Arbor, MI 48106 
040 |a EAA  |c EAA  |d m/c  |d UtOrBLW 
043 |a e-uk-en  |a e-uk-wl 
045 0 |b d16590107  |b d16590422 
049 |a TXAI 
099 |a film   |a  B   |a  3609 
245 0 0 |a Some farther intelligence of the affairs of England :  |b the death of the renowned Oliver Lord Protector of England, Scotland, and Ireland : with an exact relation how Somerset-House was prepared for his effigies : the proclaiming ... the Lord Richard ... Protector of England ... : a Parliament called Jan. 7, 1659 ... : a list of the English fleet designed for the Sound ... : petition of the General Council of the officers of the armyes of England ... : a proclamation about dissolving the Parliament ... April 22, 1659 : a declaration of the officers of the army ... 
264 3 |a London :  |b Printed by M.S. for Tho. Jenner ...,  |c 1659. 
300 |a 2 unnumbered pages, 37 pages :  |b illustrations 
336 |a text  |b txt  |2 rdacontent 
337 |a microform  |b h  |2 rdamedia 
338 |a microfilm reel  |b hd  |2 rdacarrier 
500 |a Reproduction of original in Huntington Library. 
510 4 |a Wing  |c S4502 
533 |a Microfilm.  |b Ann Arbor, Mich. :  |c University Microfilms International,  |d 1978.  |e 1 microfilm reel ; 35 mm.  |f (Early English books, 1641-1700 ; 878:28) 
500 |a Microform. 
651 0 |a Great Britain  |x History  |y Commonwealth and Protectorate, 1649-1660. 
600 1 0 |a Cromwell, Oliver,  |d 1599-1658. 
600 1 0 |a Cromwell, Richard,  |d 1626-1712. 
610 1 0 |a England and Wales.  |b Parliament. 
610 1 0 |a England and Wales.  |b Army. 
830 0 |a Early English books, 1641-1700 ;  |v 878:28. 
999 |a MARS 
999 f f |s 193e38dc-ca0e-31d9-95a8-fcd34b48c215  |i 886d8616-dabc-36e7-80d4-8541e679433a  |t 0 
952 f f |p default  |a Texas A&M University  |b College Station  |c Sterling C. Evans Library  |d Evans: Microforms (3rd floor)  |t 0  |e film B 3609 878:28  |h Other scheme  |i microform -- microfilm reel 
998 f f |a film B 3609 878:28  |t 0  |l Evans: Microforms (3rd floor)